Pollution

Salvato in:
Dettagli Bibliografici
Autore principale: Rosemary Border
Natura: Libro
Lingua:Undetermined
Pubblicazione: Oxford Oxford Univ. Press 1998
Soggetti:
Tags: Aggiungi Tag
Nessun Tag, puoi essere il primo ad aggiungerne! !
Thư viện lưu trữ: Trung tâm Học liệu Trường Đại học Cần Thơ
LEADER 00468nam a2200193Ia 4500
001 CTU_37753
008 210402s9999 xx 000 0 und d
020 |b 21.000đ 
082 |a 428.64 
082 |b B727p 
100 |a Rosemary Border 
245 0 |a Pollution 
245 0 |c Rosemary Border 
260 |a Oxford 
260 |b Oxford Univ. Press 
260 |c 1998 
650 |a readers 
904 |i Minh 
980 |a Trung tâm Học liệu Trường Đại học Cần Thơ